La grande galerie de versailles et les deux salons qui l´accompagment peints (Record no. 8272)

MARC details
000 -CABECERA
campo de control de longitud fija 01035nam a2200289 a 4500
001 - NÚMERO DE CONTROL
campo de control BRCA_8609
005 - FECHA Y HORA DE LA ÚLTIMA TRANSACCIÓN
campo de control 20190320210338.0
008 - DATOS DE LONGITUD FIJA--INFORMACIÓN GENERAL
campo de control de longitud fija 070916s1752----fr-a######---#000-0#fre-#
041 ## - CÓDIGO DE LENGUA
Código de lengua del texto/banda sonora o título independiente fre
044 ## - CÓDIGO DEL PAÍS DE LA ENTIDAD EDITORA/PRODUCTORA
Código MARC del país fr
050 #4 - SIGNATURA TOPOGRÁFICA DE LA BIBLIOTECA DEL CONGRESO
Número de clasificación NC1135
Número de documento/Ítem .M37
-- 1752
100 1# - ENTRADA PRINCIPAL--NOMBRE DE PERSONA
Nombre de persona Massé Baptiste, Jean
9 (RLIN) 21519
245 10 - MENCIÓN DE TÍTULO
Título La grande galerie de versailles et les deux salons qui l´accompagment peints
Mención de responsabilidad, etc. Peints par Charles le Brum dessineis par Jean Baptiste Massel.
260 ## - PUBLICACIÓN, DISTRIBUCIÓN, ETC.
Lugar de publicación, distribución, etc. París
Nombre del editor, distribuidor, etc. L´imprimerie royales
Fecha de publicación, distribución, etc. 1752
300 ## - DESCRIPCIÓN FÍSICA
Extensión 1 vol. (con varias paginaciones)
Otras características físicas il.
Dimensiones 69 cm
500 ## - NOTA GENERAL
Nota general Fondo antiguo
500 ## - NOTA GENERAL
Nota general Se encuentra en Caja Fuerte
500 ## - NOTA GENERAL
Nota general B-86 R-24
500 ## - NOTA GENERAL
Nota general Contiene 52 grabados
500 ## - NOTA GENERAL
Nota general Nota de encuadernación: holandesa
506 0# - NOTA DE RESTRICCIONES AL ACCESO
Limitaciones de acceso Fondo reservado: para su consulta es necesario credencial de usuario y carta de motivos
650 14 - PUNTO DE ACCESO ADICIONAL DE MATERIA--TÉRMINO DE MATERIA
Término de materia o nombre geográfico como elemento de entrada Grabados
Subdivisión cronológica Siglo XVII
Subdivisión geográfica Francia
9 (RLIN) 21520
650 14 - PUNTO DE ACCESO ADICIONAL DE MATERIA--TÉRMINO DE MATERIA
Término de materia o nombre geográfico como elemento de entrada Pintura mural y decoración
Subdivisión geográfica Francia
9 (RLIN) 21521
700 1# - PUNTO DE ACCESO ADICIONAL--NOMBRE DE PERSONA
Nombre de persona Le Brun, Charles
9 (RLIN) 21522
902 ## - CATALOGADOR
Iniciales LAR
942 ## - ELEMENTOS DE PUNTO DE ACCESO ADICIONAL (KOHA)
Fuente del sistema de clasificación o colocación Library of Congress Classification
Tipo de ítem Koha Libros
Holdings
Estado de retiro Estado de pérdida Estado dañado No para préstamo Localización permanente Ubicación/localización actual Fecha de adquisición Total de préstamos Signatura topográfica completa Código de barras Fecha visto por última vez Precio válido a partir de Tipo de ítem Koha
El ejemplar forma parte de la colección y puede ser consultado según las políticas vigentes.       Biblioteca del Museo Franz Mayer (Rogerio Casas-Alatriste) Biblioteca del Museo Franz Mayer (Rogerio Casas-Alatriste) 07/09/2016   NC1135 .M37 1752 LAR00120 22/03/2019 22/03/2019 Libros